000 00213 a2200097 4500
001 44530
100 _aHoughton
245 _aWorkshop Practice
260 _aLondon
_bTechnical Press Ltd
_c
090 _c28251
_d28251
942 _aNUST-CAE
_cM
_c20282
999 _c279603
_d279603